Our merchant navy (Record no. 498592)

000 -LEADER
fixed length control field 00365cam a22001097a 4500
008 - FIXED-LENGTH DATA ELEMENTS--GENERAL INFORMATION
fixed length control field 180718b xxu||||| |||| 00| 0 eng d
082 ## - DEWEY DECIMAL CLASSIFICATION NUMBER
Classification number W51x54
245 ## - TITLE STATEMENT
Title Our merchant navy
Statement of responsibility, etc. by Ministry of Information and Broadcasting, India
260 ## - PUBLICATION, DISTRIBUTION, ETC.
Place of publication, distribution, etc. Delhi
Name of publisher, distributor, etc. Ministry of Information and Broadcasting
Date of publication, distribution, etc.
300 ## - PHYSICAL DESCRIPTION
Extent 23p.
700 ## - ADDED ENTRY--PERSONAL NAME
Personal name India. Ministry of Information and Broadcasting
Holdings
Withdrawn status Lost status Damaged status Not for loan Permanent Location Current Location Date acquired Full call number Barcode Date last seen Price effective from Koha item type
        Indian Institute of Public Administration Indian Institute of Public Administration 2018-08-04 W51x54 GR121 2018-08-04 2018-08-04 GR

Powered by Koha